Central Library and Information Centre
Sibsagar Girls' College, Sivasagar : Assam

PSYCHOLOGICAL FOUNDATIONS OF EDUCATION (Record no. 2837)

MARC details
000 -LEADER
fixed length control field 00448cam a2200193ua 4500
008 - FIXED-LENGTH DATA ELEMENTS--GENERAL INFORMATION
fixed length control field 191121n1985 II |||gr||||Z||||||eng
040 ## - CATALOGING SOURCE
Original cataloging agency MAIN
041 ## - LANGUAGE CODE
-- English
041 ## - LANGUAGE CODE
-- eng
082 ## - DEWEY DECIMAL CLASSIFICATION NUMBER
Classification number 370.15 DUT
100 ## - MAIN ENTRY--PERSONAL NAME
Personal name DUTT, N. K.
245 ## - TITLE STATEMENT
Title PSYCHOLOGICAL FOUNDATIONS OF EDUCATION
250 ## - EDITION STATEMENT
Edition statement 3RD.
260 ## - PUBLICATION, DISTRIBUTION, ETC.
Place of publication, distribution, etc. NEW DELHI
Name of publisher, distributor, etc. DOOBA HOUSE
Date of publication, distribution, etc. 1985
300 ## - PHYSICAL DESCRIPTION
Extent 514:
Dimensions 24CM.
942 ## - ADDED ENTRY ELEMENTS (KOHA)
Koha item type Books
653 ## - INDEX TERM--UNCONTROLLED
Uncontrolled term Educational Psychology
Holdings
Withdrawn status Lost status Damaged status Not for loan Collection code Home library Current library Shelving location Date acquired Full call number Barcode Date last seen Copy number Price effective from Koha item type Public note
        TBEDU Central Library and Information Centre Sibsagar Girls College Central Library and Information Centre Sibsagar Girls College EDUCATION BOOK RACK 07.03.1985 370.15 DUT 11036 27.02.2020 1 27.02.2020 Books V


Sibsagar Girl's College © 2020. All rights reserved.
Powered by Koha.
Maintained by Abhijit Borpuzari.